Franken Quiz - Statistiken

Allgemein
  • Dieses Quiz wurde 306 mal gespielt
  • Das Durchschnittsergebnis liegt bei 11 aus 25
Antwortstatistiken
Hint Antwort % Korrekt
Stadt gilt auch häufig als "Hauptstadt des Bieres" Bamberg 6
83%
Längste Fluss Frankens Main 3
83%
Heimatstadt von Dirk Nowitzki Würzburg 14
76%
Anderer Name für den erfolgreichsten Fußballverein Frankens Club 8
73%
Sitz zweier sehr bekannter Sportwarenhersteller Herzogenaurach 11
73%
"Drei im Weggla", Coburger... / Bamberger... Bratwurst 20
64%
Regierungssitz von Mittelfranken Ansbach 15
63%
Wo findet alljährlich das "Fastnacht in Franken" statt? Veitshöchheim 1
58%
Bezirk grenzt an 3 verschiedene Bundesländer Unterfranken 9
54%
Ehemalig großer Versandhandel (in Führt gegründet) Quelle 21
49%
Mittelgebirge, nach einem europäischen Land benannt Fränkische Schweiz 13
48%
Dort findet das "Anna-Fest" statt Forchheim 19
47%
Religion hatte eine große Anzahl an Gemeinden in Franken (nicht Christentum) Judentum 5
44%
Fernsehmoderator aus Oberfranken Thomas Gottschalk 22
42%
Einziger fränkischer Flughafen (int.) Albrecht Dürer Airport 2
40%
Region entschied sich nach einem Referendum 1920 für einen Beitritt zum Freistaat Bayern Freistaat Coburg 10
40%
Stücke des Künstlers werden jährlich an den "Bayrischen Festspielen" vorgetragen Richard Wagner 7
39%
Ballon D´or Gewinner Lothar Matthäus 24
36%
Berühmte Persönlichkeit, stammte aus Buttenheim Levi Strauss 12
33%
Eine der der bekanntestes Wallfahrtskirchen Deutschlands Vierzehnheiligen 16
28%
Bekannter Ort, da lange durch die Grenze (Mauer) geteilt Mödlareuth 4
20%
Bedeutender Baumeister des Barocks; baute auch 16 Balthasar Neumann 17
17%
Ort an dem das "Frankenlied" geschrieben wurde Kloster Banz (Staffelstein) 23
12%
Nürnberger Comedian Bembers 25
7%
Physiker und Nobelpreisträger aus Unterfranken Werner Heisenberg 18
5%
Keine übereinstimmenden Quizze gefunden
Verteilung der Resultate
Anzahl Personen mit jedem Resultat
Perzentil nach korrekt beantworteten Fragen
Ihre Resultats-Entwicklung
Sie haben dieses Quiz noch nicht gespielt